000 00316 a2200145 4500
001 184222
020 _a
040 _cMagnum
240 1 0 _aAlguns contos Chineses
_lpor
245 1 0 _aAlguns contos Chineses
300 _a30
440 1 _aPaulus
697 _aLITERATURA INFANTO-JUVENIL ESTRANGEIRA
942 _cBK
999 _c184222
_d184222